| 000 | 00402pam a2200157a 44500 | ||
|---|---|---|---|
| 008 | 230515b2005 xxu||||| |||| 00| 0 eng d | ||
| 020 | _aNULL | ||
| 041 | _aENGLISH | ||
| 082 | _a337.SUB | ||
| 100 | _aSUDAN F.K | ||
| 245 | _aGLOBALIZATION AND LIBERALIZATION | ||
| 250 | _a1 | ||
| 260 |
_aNEW DELHI _bSBD PUBLISHERS DISTRIBUTORS _c2005 |
||
| 300 | _a269 | ||
| 650 | _aGLOBALIZATION AND LIBERALIZATION | ||
| 999 |
_c541237 _d541237 |
||